000 00590nam a22001937a 4500
003 BD-DhJNU
005 20250223050103.0
008 250223b |||||||| |||| 00| 0 eng d
020 _a9780673153169
040 _aBD-DhJNU
_bENG
_cBD-DhJNU
_dBD-DhJNU
082 _223
_a150.7 PSY
100 _aCrider, Andrew B.
245 _aPsychology /
_cAndrew B. Crider...[et al.].
260 _aIllinois :
_bScott, Foresman and Company ,
_c1983.
300 _a676 p. :
_bill. ;
_c28 cm.
504 _aIncludes bibliographies and index
650 _aPsychology Study and teaching
942 _2ddc
_cBK
_n0
999 _c1372
_d1372